| 000 -LEADER |
| fixed length control field |
01372cam a2200349 i 4500 |
| 001 - CONTROL NUMBER |
| control field |
19623490 |
| 003 - CONTROL NUMBER IDENTIFIER |
| control field |
OSt |
| 005 - DATE AND TIME OF LATEST TRANSACTION |
| control field |
20230306112618.0 |
| 008 - FIXED-LENGTH DATA ELEMENTS--GENERAL INFORMATION |
| fixed length control field |
170505s2017 dcua f001 0 eng |
| 010 ## - LIBRARY OF CONGRESS CONTROL NUMBER |
| LC control number |
2017022031 |
| 020 ## - INTERNATIONAL STANDARD BOOK NUMBER |
| International Standard Book Number |
9781911282136 (hardcover) |
|
| International Standard Book Number |
9780844495750 (softcover) |
| 040 ## - CATALOGING SOURCE |
| Original cataloging agency |
DLC |
| Language of cataloging |
eng |
| Description conventions |
rda |
| Transcribing agency |
DLC |
| 042 ## - AUTHENTICATION CODE |
| Authentication code |
pcc |
| 043 ## - GEOGRAPHIC AREA CODE |
| Geographic area code |
n-us-dc |
| -- |
n-us--- |
| 050 00 - LIBRARY OF CONGRESS CALL NUMBER |
| Classification number |
Z733.U6 |
| Item number |
C563 2017 |
| 082 00 - DEWEY DECIMAL CLASSIFICATION NUMBER |
| Classification number |
027.573 |
| Edition number |
23 |
| 100 1# - MAIN ENTRY--PERSONAL NAME |
| Personal name |
Cole, John Young, |
| Dates associated with a name |
1940- |
| Relator term |
author. |
| 245 10 - TITLE STATEMENT |
| Title |
America's greatest library : |
| Remainder of title |
an illustrated history of the Library of Congress / |
| Statement of responsibility, etc. |
John Y. Cole, Library of Congress Historian ; foreword by Carla D. Hayden, Librarian of Congress. |
| 260 ## - PUBLICATION, DISTRIBUTION, ETC. |
| Place of publication, distribution, etc. |
Washington, DC : |
| Name of publisher, distributor, etc. |
The Library of Congress, |
| Date of publication, distribution, etc. |
2017. |
| 300 ## - PHYSICAL DESCRIPTION |
| Extent |
256 pages : |
| Other physical details |
illustrations (some colour) ; |
| Dimensions |
25 cm |
| 500 ## - GENERAL NOTE |
| General note |
Includes index. |
| 610 20 - SUBJECT ADDED ENTRY--CORPORATE NAME |
| Corporate name or jurisdiction name as entry element |
Library of Congress |
| General subdivision |
History. |
|
| Corporate name or jurisdiction name as entry element |
Library of Congress |
| General subdivision |
History |
| Form subdivision |
Pictorial works. |
| 942 ## - ADDED ENTRY ELEMENTS (KOHA) |
| Koha item type |
Book (Short term) |
| 100 1# - MAIN ENTRY--PERSONAL NAME |
| 9 (RLIN) |
21284 |
| 336 ## - CONTENT TYPE |
| Content type term |
text |
| Content type code |
txt |
| Source |
rdacontent |
| 337 ## - MEDIA TYPE |
| Media type term |
unmediated |
| Media type code |
n |
| Source |
rdamedia |
| 338 ## - CARRIER TYPE |
| Carrier type term |
volume |
| Carrier type code |
nc |
| Source |
rdacarrier |
| 505 0# - FORMATTED CONTENTS NOTE |
| Formatted contents note |
Part I. For Congress, 1800-1897 -- Part II. For the nation, 1898-1959 -- Part III. For the world, 1960-2016. |
| 610 20 - SUBJECT ADDED ENTRY--CORPORATE NAME |
| 9 (RLIN) |
21285 |
|
| 9 (RLIN) |
21286 |
| 906 ## - LOCAL DATA ELEMENT F, LDF (RLIN) |
| a |
7 |
| b |
cbc |
| c |
orignew |
| d |
1 |
| e |
ecip |
| f |
20 |
| g |
y-gencatlg |
| 942 ## - ADDED ENTRY ELEMENTS (KOHA) |
| Source of classification or shelving scheme |
|